MDQL
is popping MORE tags! Check the
thread
!
Quizzes
Events
Quiz Creation
Community
Videos
Private Events
Remove Ads
Sign In
Join for FREE
Feedback
Dark Mode
Quiz Categories
Sports
Geography
Music
Movies
Television
Just For Fun
Miscellaneous
History
Literature
Language
Science
Gaming
Entertainment
Religion
Holiday
For Kids
Quiz Lab
Recent
Popular Today
Quiz Kudos Today
Editor Picks
Curator Picks
Quizzes by...
Day
Popularity
Type
Ratings
Length
Year
Community
Subscriptions
Recent Discussions
Orange Saloon
Badges
Playlists
Quests
Create
Leaderboards
Showdown
Live 5
Trivia Bingo
Activity
Puzzle Library
Sporcle Events
Private Events
Virtual Trivia
Globe League
Become a Host
Pub Owners
SporcleCon
Opinionation
Our Games
Videos
Blog
Mobile Apps
Partnerships
Remove Ads and Go Orange
Feedback
Gaming
Video Games
Board Games
Card Games
Pokémon
Mario
Nintendo
Minecraft
Console
Toys
Legend of Zelda
Gaming
Video Games
Board Games
Card Games
Pokémon
Mario
Nintendo
Minecraft
Console
Toys
Legend of Zelda
Random Quiz
Search Sporcle
×
Quiz Lab
Quiz Lab
Gaming
Nintendo
Type in answers that appear in a list
Type in answers that appear in a list
Classic
Best Score? Go Orange.
Runescape - things that can die in Slayer Dungeons Stats
Can you name the things that can die in these slayer dungeons?
By
psymann
10m
26 Questions
33 Plays
33 Plays
33 Plays
Comments
Comments
Give Quiz Kudos
Give Quiz Kudos
-
- Ratings
hide this ad
More Info
Replay
Link that replays current quiz
Next Quiz
Link to next quiz in quiz playlist
You Got
0%
They Got
Avg Score
79%
Avg Friend Score
Upgrade to see
Score Distribution
Jump to the score distribution portion of the page
Score
0/26
Timer
10:00
0
Plays Today
Dungeon
Thing
% Correct
Morytania Slayer Tower
Crawling Hand
97%
Kuradal's Dungeon
Gargoyle
93.9%
Kuradal's Dungeon
Steel Dragon
93.9%
Morytania Slayer Tower
Gargoyle
93.9%
Kuradal's Dungeon
Abyssal Demon
90.9%
Kuradal's Dungeon
Iron Dragon
90.9%
Morytania Slayer Tower
Abyssal Demon
90.9%
Kuradal's Dungeon
Dark Beast
87.9%
Kuradal's Dungeon
Hellhound
84.8%
Kuradal's Dungeon
Blue Dragon
84.8%
Morytania Slayer Tower
Banshee
84.8%
Kuradal's Dungeon
Greater Demon
81.8%
Fremennik Slayer Dungeon
Kurask
81.8%
Dungeon
Thing
% Correct
Morytania Slayer Tower
Infernal Mage
81.8%
Fremennik Slayer Dungeon
Basilisk
78.8%
Fremennik Slayer Dungeon
Jelly
78.8%
Fremennik Slayer Dungeon
Turoth
78.8%
Fremennik Slayer Dungeon
Pyrefiend
75.8%
Morytania Slayer Tower
Bloodveld
75.8%
Fremennik Slayer Dungeon
Cave Crawler
72.7%
Morytania Slayer Tower
Aberrant Spectre
72.7%
Morytania Slayer Tower
Nechryael
72.7%
Fremennik Slayer Dungeon
Cockatrice
69.7%
Fremennik Slayer Dungeon
Aquanite
69.7%
Fremennik Slayer Dungeon
Rock Slug
66.7%
Morytania Slayer Tower
Death Spawn
21.2%
Quiz Playlist
Details
Report
Send in Message
Add To Playlist
More Info:
Name the things that can die in these three major Runescape slayer dungeons.
Classic:
Type in answers that appear in a list
Last Updated: Feb 16, 2017
Quiz Scoreboard
CHALLENGE
Sign Up to Join the Scoreboard
Show All
Scores
Hide
Comments
May contain spoilers
Recently Published
Two Season TV Shows II
by 123Four
Television
10m
Image Sorting: Flags VI
by Barbecue
Geography
2m
Find the 'City' Movie
by crazypaving
Movies
60s
More to Explore
Quiz From the Vault
Featured Blog Post
14 Easter Pick-up Lines to Find Eggs With
hide this ad
You Might Also Like...
Tags
Nintendo Quiz
runescape
Today's Top Quizzes in Gaming
Browse Gaming
hide this ad
Today's Top Quizzes in Nintendo
Browse Nintendo
Top Contributed Quizzes in Gaming
1
League of Legends Pro Players by Career/Team History
2
Destiny 2 exotic weapons by perk icons
3
Genshin Impact Logic Puzzle
4
Genshin murder mystery
5
Dead By Daylight Logic Puzzle
6
4x4 Decades: Video Games
7
Ultimate Genshin Impact Logic Puzzle (up to 4.3)
8
Overwatch Logic Puzzle
9
Who's on the WWE 2K24 Cover?
10
Overwatch 2: Ultimate Ability Icons
Explore More
Trending Topics
Kpop
Harry Potter
Marvel
Disney
NBA
Crossword
Anime
Pokémon
Song
The Office
Puzzle
NFL
Soccer
Country
WWE
hide this ad
More By:
psymann
Quiz
Plays
Rating
Category
Featured
Created
Runescape - Word Links
135
3.33
Gaming
May 14, 2012
Runescape - Transport Destinations
61
4.00
Gaming
May 12, 2012
Runescape - things that can die in Slayer Dungeons
33
Gaming
May 12, 2012
Runescape - what can I keep on my toolbelt?
32
Gaming
May 12, 2012
Runescape - things you can do at level 91
31
Gaming
May 12, 2012
Go to Creator's Profile
Score Distribution
Quiz Creator Spotlight
psymann
Follow
Send a Message
Quizzes Created
-
Created Quiz Play Count
-
More By This Creator
Popular Quizzes Today
1
Colored Red Africa Blitz
2
Find the US States - No Outlines Minefield
3
Find the 'City' Movie
4
5x2 Blitz: Bands
5
The Countries of the World
6
Find the US States
7
Find the Countries of Europe - No Outlines Minefield
8
US States
More Gaming Quizzes
Valorant Agents in game descriptions
Quiz Lab
Trending Quizzes
Colored Red Europe Blitz I
Colored Red Africa Blitz II
Colored Red Europe Blitz II
Colored Red Africa Blitz III
Colored Red Europe Blitz III
Recently Updated
How Do You Spell That?
pecheneg
Godzilla Movies
pecheneg
Grab Bag: 4-10 Letters
pecheneg
2024 March Madness Bracket
pecheneg
Famous TV Couples
Peacemaker
Champions League XIs: Real Madrid
pecheneg
Largest US Cities 1790-2010
pecheneg
Rides in Walt Disney World
pecheneg
Most Oscar Losses (Acting)
pecheneg
Beyoncé Albums
pecheneg
Trending Topics
Harry Potter
Crossword
NBA
Marvel
Anime
Disney
Kpop
Pokémon
Country
WWE
The Office
Song
Puzzle
Soccer
NFL
Your Account Isn't Verified!
In order to create a playlist on Sporcle, you need to verify the email address you used during registration. Go to your
Sporcle Settings
to finish the process.
Report this User
Report this user for behavior that violates our
Community Guidelines
.
Details:
Send Report
Go to the Sporcle.com Mobile Site →
Comments